| 000 | 00679nam a2200217 a 4500 | ||
|---|---|---|---|
| 005 | 20220818063544.0 | ||
| 008 | 160427s2009 ec r 000 0 spa d | ||
| 020 | _a9789978543962 | ||
| 035 | _aUPN01000209818 | ||
| 049 | _aI | ||
| 050 | 4 |
_aPZ78 _bA6.5 |
|
| 100 | 1 |
_aAparicio Agudelo, María Cristina _938853 |
|
| 245 | 1 | 3 |
_aEl misterioso caso del lunar peludo / _cMaría Cristina Aparicio A. ; il. Bladimir Trejo. |
| 260 |
_aQuito : _bNorma, _cc2009. |
||
| 300 |
_a47 p. : _bil. |
||
| 440 | 0 |
_aTorre de papel roja. _pA partir de 7 años |
|
| 650 | 0 |
_aCuentos infantiles colombianos _94407 |
|
| 650 | 4 |
_aIRA EN LOS NIÑOS _916250 |
|
| 905 | _aInfantil | ||
| 999 |
_c181919 _d181919 |
||